Richest British Towns and Cities by GDP - Statistics

General Stats
  • This quiz has been taken 69 times
  • The average score is 16 of 20
Answer Stats
GDP (Billions) City % Correct
£562.179 London
100%
£99.714 Manchester
100%
£85.192 Birmingham
98%
£45.413 Liverpool
98%
£31.802 Edinburgh
96%
£28.439 Glasgow
96%
£74.405 Leeds
95%
£17.839 Cardiff
93%
£17.338 Belfast
91%
£17.494 Sheffield
91%
£26.116 Tyneside
89%
£21.098 Bristol
87%
£10.993 Southampton
85%
£12.234 Brighton and Hove
76%
£11.139 Leicester
76%
£12.691 Nottingham
76%
£8.337 Portsmouth
71%
£13.685 Bournemouth
53%
£9.341 Derby
45%
£16.207 Milton Keynes
20%
No matching quizzes found
Score Distribution
Percent of People with Each Score
Percentile by Number Answered
Your Score History
You have not taken this quiz